Psaume 139-Bible - Statistiques

Statistiques générales
  • Ce quiz a été pris 29 fois
  • Le résultat moyen est 185 sur 420
Statistiques - réponses
Réponse % Correct
à
93%
me
93%
se
93%
tu
93%
Tu
93%
De
86%
de
86%
et
86%
Et
86%
et,
86%
je
86%
Je
86%
le
86%
ma
86%
des
79%
Dieu
79%
Dieu,
79%
Mon
79%
mon
79%
ô
79%
ta
79%
te
79%
ce
71%
là,
71%
71%
la
71%
es
64%
Eternel,
64%
les
64%
quand
64%
que
64%
Que
64%
Toi,
64%
toi,
64%
toi
64%
toi.
64%
ton
64%
au
57%
connais.
57%
dans
57%
mes
57%
moi.
57%
moi
57%
moi,
57%
moi !
57%
pour
57%
Pour
57%
qui
57%
suis,
57%
suis
57%
sur
57%
en
50%
est
50%
ne
50%
50%
sais
50%
sont
50%
sont,
50%
tout
50%
avant
43%
avec
43%
couche
43%
fait
43%
ils
43%
Ils
43%
lève.
43%
mais
43%
Si
43%
si
43%
tes
43%
une
43%
caché
36%
chemin
36%
coeur,
36%
déjà
36%
dis :
36%
donc
36%
loue
36%
main
36%
m'as
36%
mère.
36%
mot
36%
pense.
36%
tous
36%
vais
36%
ventre
36%
voie
36%
aussi
29%
ciel
29%
dire.
29%
droit
29%
Du
29%
du
29%
fais
29%
jour :
29%
loin,
29%
loin
29%
marche
29%
même
29%
pas
29%
pensées
29%
qu'un
29%
sondes
29%
ténèbres
29%
aux
21%
Bien
21%
bien.
21%
bien
21%
bien,
21%
créature
21%
depuis
21%
fuir
21%
leur
21%
lèvres,
21%
lumière
21%
m'assieds
21%
merveilleuse :
21%
mets
21%
nuit
21%
qu'une
21%
aller
14%
alors
14%
autour
14%
bras
14%
ceux
14%
change
14%
comme
14%
d'avoir
14%
descends
14%
discernes
14%
Esprit ?
14%
faire
14%
familiers.
14%
jours
14%
mal
14%
monte
14%
morts,
14%
nom
14%
obscures
14%
pareilles.
14%
pourrais-je
14%
reconnais
14%
secret
14%
tissé
14%
toujours !
14%
trop
14%
ailes
7%
bouleversent !
7%
chemins
7%
claire
7%
comment
7%
corps
7%
desseins
7%
dirige-moi
7%
encore
7%
encore.
7%
ennemis
7%
eux,
7%
fus
7%
haïr
7%
haïssent
7%
hommes
7%
hors
7%
impénétrables,
7%
informe,
7%
j'aille
7%
l'atteigne.
7%
l'aube
7%
leurs
7%
masse
7%
m'avais
7%
méchant !
7%
m'entoures
7%
mers,
7%
mers.
7%
merveilles,
7%
Merveilleux
7%
m'éveille,
7%
mourir
7%
n'étais
7%
n'existait
7%
pénètre
7%
plein
7%
portée,
7%
présence ?
7%
profondeurs
7%
qu'aucun
7%
registre,
7%
sable
7%
savoir
7%
séjour
7%
terre.
7%
t'y
7%
vienne
7%
voilà !
7%
voyais,
7%
yeux
7%
adversaires,
0%
bords
0%
combattent ?
0%
Combien
0%
comptais,
0%
confins
0%
considère
0%
Considère
0%
criminels,
0%
dégoût
0%
demeurer
0%
destinés
0%
d'eux
0%
dirigera,
0%
Eh
0%
examine-moi
0%
extrême,
0%
façonné
0%
grains
0%
haine
0%
innombrables !
0%
inscrits
0%
j'emprunte
0%
l'utilisent
0%
mêmes.
0%
m'envelopperont,
0%
moins
0%
nombreux
0%
par-derrière,
0%
par-devant,
0%
partent
0%
plus
0%
prendre
0%
prescrite
0%
Puisses-tu
0%
sanguinaires
0%
seraient
0%
servent
0%
Sonde-moi,
0%
sublime
0%
tiendra.
0%
tromper.
0%
trouvaient
0%
Voici
0%
voue
0%
Aucun quiz correspondant
Distribution des résultats
% des personnes avec chaque résultat
Percentile par nombre de réponses
Votre historique - résultats
Vous n’avez pas pris ce quiz